000 02142nam a22002657a 4500
999 _c61521
_d61521
003 Ge_BSU
005 20240321130623.0
008 240321s2017ge xxu||||| |||| 00| 0 geo d
020 _a9789941274084
041 _ageo
080 _a070.22(479.22) გ-15
245 _aგაზეთ ”ინდუსტრიული ქუთაისის” ანალიტიკური ბიბლიოგრაფია, 1939-1940 წწ. /
_cსარედაქციო საბჭო: ცაგური ფორჩხიძე, მანანა ნემსაძე, ირმა გელოვანი [და სხვ.] ; დიზაინი გელა ღაჭავა.
264 _aქუთაისი:
_bგამ-ბა ”სამშობლო”,
_c2017.
300 _a1092 გვ. ;
_b 29 სმ.
500 _aგამოცემა დაფინანსებულია ქ. ქუთაისის მუნიციპალიტეტის მერიის კულტურის, სპორტის, განათლების, ძეგლთა დაცვისა და ახალგაზრდობის საქმეთა სამსახურის მიერ
501 _aსახელთა საძიებელი: გვ. 779-1072. გეოგრაფიულ სახელთა საძიებელი: გვ. 1073-1088.
653 _aქართული პრესის ბიბლიოგრაფია.
653 _aქართული გაზეთები.
700 _aფორჩხიძე, ცაგური
_eსარედაქციო საბჭო
_921515
700 _aნემსაძე, მანანა
_eსარედაქციო საბჭო
_921516
710 _aგელოვანი, ირმა
_bსარედაქციო საბჭო
_921517
711 _aქუთაისის ილია ჭავჭავაძის სახ. საჯარო ბიბლიოთეკა
_921518
773 _tნაჩუქარი
942 _2udc
_cBK